Представление документа в формате MARC21

Поле Инд. ПП Название Значение
Тип записи a
Библиографический уровень m
001 Контрольный номер 95b226067aa049e3810a1abe8202aa44
005 Дата корректировки 20250520083740.8
020 a ISBN 978-5-02-040493-9
040 a Служба первич. каталог. НБ ТвГУ
b Код языка каталог. rus
e Правила каталог. PSBO
041 0_ a Код языка текста rus
080 a Индекс УДК 94(47)"16/17"
084 a Индекс другой классификации/Индекс ББК Т3(2)511-4
090 a Полочн. индекс Т3(2)51
x Авторский знак Д 67
097 b Оператор Semenova.ZR
245 00 a Заглавие Донесения шведских агентов о Хованщине. 1682-1683 гг.
c Ответственность подготовка текста, перевод, примечания и послесловие Г. М. Казакова, А. С. Лаврова ; ответственный редактор Ю. Н. Беспятых
260 c Дата издания 2022
a Место издания Санкт-Петербург
b Издательство Наука
300 a Объем 228, [2] с.
b Иллюстрации/ тип воспроизводства табл.
500 a Примечание Текст на русском и немецком языке
504 a Библиография Библиогр.: с. 205-213 в тексте коммент. и в подстроч. примеч. - Указ. имен.: с. 215-228
653 0_ a Ключевые слова История России
a Ключевые слова Московское восстание
a Ключевые слова Городские восстания
a Ключевые слова Стрелецкий бунт
a Ключевые слова 1682 г.
a Ключевые слова Донесения
a Ключевые слова Хованщина
700 12 a Другие авторы Казаков Г. М.
e Роль лиц авт. примеч. и послесл., переводчик
700 12 a Другие авторы Лавров А. С.
e Роль лиц авт. примеч. и послесл., переводчик
700 12 a Другие авторы Беспятых Юрий Николаевич
c Титул (звание) д.ист.н.
e Роль лиц отв. ред.
901 t Тип документа m
920 a Оператор Семен
a Оператор Петр
930 a Новая/Ретро новая
952 c Вид литературы К рн
954 b Дата поступления в ОК 20240320
a Дата поступления на обработку 20240326
c Дата окончания ОНО 20240326